Регионална библиотека "Любен Каравелов" - Русе

Stiffe de Weltliteratur (Запис номер 49406)

MARC детайли
000 -Лидер
Контролно поле с фиксирана дължина 00914nam a2200301 c 4500
003 - Код на организацията, давaща контролен номер
Контролно поле BLK
005 - Дата и час на последна редакция
Контролно поле 20240509154126.0
008 - Елементи от данни с фиксирана дължина
fixed length control field 180408b bul|||||r ||||||| ||bul||
010 ## - Наследен системен номер
LC control number KNG00053256000
020 ## - Международен стандартен номер на книга ISBN
Международен стандартен номер на книга ISBN 3-520-30008-7
040 ## - Източник на каталожния запис
Идентификатор на билиотеката - собственик на записа BLK
041 ## - Код за език
Код за езика на текст/звукозапис или на отделно заглавие Немски
Код за езика КДБФ Немски
080 ## - УДК
Текстов определител УДК Литература на отделни езици и езикови семейства
УДК код - определител по УДК 821
УДК определител .04(03)
УДК - код + определител 821.04(03)
139 ## - Редно поле
Редна дума FRENZEL, Elisabeth
245 10 - Сведения за заглавието
Заглавие Stiffe de Weltliteratur
Подзаглавни данни Ein Lexikon dichtungsgeschichtlicher Langsschnitte
250 ## - Област на изданието
Сведения за изданието 8. uberarb. und erw. Aufl
260 ## - Област на издателските данни
Име на издателя, разпространителя и проч. Kroner
Година на издаване 1992
Място на издаване, разпространение и проч. Stuttgart
300 ## - Физическа характеристика
Страници XVI, 931 c
Размери/Мащаб 17 cm
380 ## - Жанр
Жанр Литературознание
490 1# - СЕРИИ (Колекции)
Име на серия Kroners Taschenausgabe
№: серия Bd. 300
852 ## - Местоположение
Форматна сигнатура Цб І 28106
856 4# - Електронен адрес и достъп
Електронен формат pdf - файл
856 4# - Електронен адрес и достъп
Електронен формат pdf - файл
942 ## - АРТИКУЛИ
Вид на библиотечния материал Книги
Скрит в OPAC Не
944 ## - СЪЗДАВАНЕ И РЕДАКЦИЯ на ЗАПИСА
Създаване/Редакция Създаване
Дата на регистрацията/редакция 01.01.1999
Служител, извършил регистрацията/редакцията 30556
Статус, дата на статуса Теодора Пейчева-Дянкова
944 ## - СЪЗДАВАНЕ И РЕДАКЦИЯ на ЗАПИСА
Създаване/Редакция Редакция
Дата на регистрацията/редакция 10.02.2017
Служител, извършил регистрацията/редакцията Лили_Борисова
999 ## - СИСТЕМНИ КОНТРОЛНИ НОМЕРА
Koha biblionumber 49406
Koha biblioitemnumber 49406
999 ## - СИСТЕМНИ КОНТРОЛНИ НОМЕРА
Koha biblioitemnumber 49406
Наличности
Код за отписване Код за изгубен артикул Източник на класификационната схема Код за повреда Коз за рестрикции Код за отдаване Артикулен № Име на библиотеката - собственик Име на библиотеката, в която се намира в момента Статус (Текущо местоположение) Дата на вписване в системата Местоположение - отдел Цена в лева Инвентарен номер Систематично азбучна сигнатура Баркод Номер на екземпляра Цена в евро Служебна бележка Служебен тип на артикула
  Не е изгубен Universal Decimal Classification Не е повреден само за читалня ползва се в читалня 77353 Регионална библиотека "Любен Каравелов" Русе Регионална библиотека "Любен Каравелов" Русе Читалня 5 - справочен фонд 2002-01-01 Читалня 5 - справочен фонд 20.00 120000905401 C5 820/899/F 89 E 120000905401 1 10.23 Дост: Da Дата: 01.01.1992 Книги
Vip Innovations Ltd, Rousse, Bulgaria 2025